| 000 | 01563nam a2200217 4500 | ||
|---|---|---|---|
| 003 | NALT | ||
| 005 | 20251126131517.0 | ||
| 008 | 251120b th ||||| |||| 00| 0 tha d | ||
| 040 | _aNALT | ||
| 050 |
_aKO 106 _bก782พ 2563 |
||
| 110 | 2 |
_aกระทรวงเกษตรและสหกรณ์. _bกรมปศุสัตว์ _bกองสวัสดิภาพสัตว์และสัตวแพทย์บริการ. _967051 |
|
| 245 | 1 | 0 |
_aพระราชบัญญัติป้องกันการทารุณกรรมและการจัดสวัสดิภาพสัตว์ พ.ศ. 2557 / _cกองสวัสดิภาพสัตว์และสัตวแพทย์บริการ กรมปศุสัตว์ กระทรวงเกษตรและสหกรณ์. |
| 260 |
_aกรุงเทพฯ : _bกรมปศุสัตว์ กระทรวงเกษตรและสหกรณ์, _c2563. |
||
| 300 |
_a34 หน้า ; _c21 ซม. |
||
| 650 | 4 |
_aสัตว์ _xการป้องกันการทารุณกรรม _xกฎหมายและระเบียบข้อบังคับ _967084 |
|
| 650 | 4 |
_aสัตว์ _xกฎหมายและระเบียบข้อบังคับ _zไทย _967085 |
|
| 942 |
_2local _cLB |
||
| 996 |
_ajidapa.t _bACQSTF _c2025-11-20 |
||
| 996 |
_asaiphon.d _bCATSTF _c2025-11-26 |
||
| 999 |
_c107525 _d107525 |
||
| 998 |
_j104 _k นางสาวสายฝน ดีงาม |
||